| 000 | 01307nam a22002894a 4500 | ||
|---|---|---|---|
| 001 | 511 | ||
| 003 | BR-RjBN | ||
| 005 | 20260520083744.0 | ||
| 008 | 120101s2012 sp 000 f por d | ||
| 020 | _a9788581630533 | ||
| 040 | _bpor | ||
| 041 | 1 |
_apor _heng |
|
| 082 |
_a813.6 _bP466l |
||
| 100 | 1 | _aPerkins, Stephanie. | |
| 240 | 1 | 0 | _aLola and the Boy Next Door. |
| 245 | 1 | 0 |
_aLola e o garoto da casa ao lado : _ba fórmula perfeita para paixão e o humor / _cStephanie Perkins. |
| 260 |
_aSão Paulo : _bNovo Conceito, _c2012. |
||
| 300 | _a288 p. ; | ||
| 520 | _aLola Nolan é uma adolescente criativa e apaixonada por roupas extravagantes, enxergando a moda como uma forma de expressão pessoal. Sua vida parece perfeita até a volta dos gêmeos Calliope e Cricket Bell ao bairro. Ao reencontrar Cricket, um jovem inventor por quem já teve sentimentos, Lola passa a enfrentar conflitos emocionais e questionamentos sobre amor, amizade e amadurecimento. O romance aborda descobertas afetivas e os desafios típicos da juventude de maneira leve e envolvente. | ||
| 650 | 0 | _aLiteratura norte-americana. | |
| 650 | 0 |
_aAdolescência. _91093 |
|
| 650 | 0 |
_aRelacionamentos amorosos. _91098 |
|
| 650 | 0 |
_aAmizade. _9556 |
|
| 655 | 0 | _aRomance juvenil. | |
| 655 | 0 |
_aFicção. _922 |
|
| 942 |
_2ddc _n0 _cBK |
||
| 999 |
_c511 _d511 |
||